000 00591nam a2200157 a 4500
008 160516s2013 ||||||||||||||||| || u
020 _a9781452205823
050 _aHV 6431 Mar
100 _aMartin, Gus
245 1 0 _aUnderstanding terrorism: challeges, perspectives, and issues. (4th ed.)
_cBy Gus Martin
250 _a4th ed.
260 _aCalifornia
_bSAGE Publications
_c2013
350 _a103.00
650 _aTERRORISM
995 _FCBU-MAIN LIBRARY (Kitwe)
_I103.00
_M1
_UAVAILABLE
_WMay 17, 2016
_ZMain Library Open Access Collection
999 _c60736
_d60736